Human Resources in the Management of Flood Situation in the Slovak Republic
Analýza ľudských zdrojov v povodňových situáciách. Orgány verejnej správy a organizácie krízového manažmentu.
Na minha lista:
| Autor principal: | |
|---|---|
| Outros Autores: | |
| Formato: | Capítulo de Livro |
| Idioma: | inglês |
| Assuntos: | |
| Tags: |
Sem tags, seja o primeiro a adicionar uma tag!
|
MARC
| LEADER | 00000naa a2200000 4500 | ||
|---|---|---|---|
| 001 | 0245622 | ||
| 005 | 20220718121419.3 | ||
| 041 | 0 | |a eng | |
| 044 | |a SK | ||
| 245 | 1 | 0 | |a Human Resources in the Management of Flood Situation in the Slovak Republic |c Zuzana Križanová, Ján Kútik |
| 520 | |a Analýza ľudských zdrojov v povodňových situáciách. Orgány verejnej správy a organizácie krízového manažmentu. | ||
| 610 | 2 | 0 | |a manažment krízový |
| 610 | 2 | 0 | |a riadenie ľudských zdrojov |
| 610 | 2 | 0 | |a správa verejná |
| 610 | 2 | 0 | |a povodne |
| 610 | 2 | 0 | |a Slovensko |
| 100 | 1 | |a Križanová, Zuzana | |
| 700 | 1 | |a Kútik, Ján | |